Một trang tình sử

সংরক্ষণ করুন:
গ্রন্থ-পঞ্জীর বিবরন
প্রধান লেখক: Zola, Emile
অন্যান্য লেখক: Nguyễn Minh Nghiệm (dịch), Nguyễn Văn Sách (dịch)
বিন্যাস: গ্রন্থ
প্রকাশিত: Tp. Hồ Chí Minh Văn nghệ Tp.Hồ Chí Minh 1989
বিষয়গুলি:
ট্যাগগুলো: ট্যাগ যুক্ত করুন
কোনো ট্যাগ নেই, প্রথমজন হিসাবে ট্যাগ করুন!
Thư viện lưu trữ: Trung tâm Học liệu Lê Vũ Hùng, Trường Đại học Đồng Tháp
LEADER 00853pam a22002418a 4500
001 00021248
005 20171026081025.0
008 110523s1989 ||||||Viesd
041 0 # |a Vie 
082 1 4 |a 843  |b M458TR 
100 0 # |a Zola, Emile 
245 0 0 |a Một trang tình sử  |c Emile Zola; Nguyễn Minh Nghiệm, Nguyễn Văn Sách dịch 
260 # # |a Tp. Hồ Chí Minh  |b Văn nghệ Tp.Hồ Chí Minh  |c 1989 
300 # # |a 375 tr.  |c 19 cm. 
650 # 4 |a Văn hoc Pháp 
650 # 4 |a Văn học hiện đại 
653 # # |a Tiểu thuyết 
700 0 # |a Nguyễn Minh Nghiệm  |e dịch 
700 0 # |a Nguyễn Văn Sách  |e dịch 
852 # # |b Kho đọc  |j KD.0007190 
852 # # |j KD.0007190 
910 0 # |a Đức  |d 23/05/2011 
980 # # |a Trung tâm Học liệu Lê Vũ Hùng, Trường Đại học Đồng Tháp